00733nam a2200241 a 4500001001300000003000900013005001700022008004100039020002300080082001500103100001500118245005300133260004400186300000900230500003500239505002700274650002900301700001500330902000800345942000700353952011600360999001500476nice12345678IN_TiNIC20260116012712.0050524s1982 lona grp 000 0 eng  a0197215 c10000a232.2bLYO aLyons, J A aCosmic Christ in Origin and Teilhard De Chardin. aLondan bOxford University Press c1982 a219p aincludes index and biblioraphy2 aAppendix, Bibliography aJesus Christ-Messiahship1 aLyons, J A bSRS cBK 001040708StackRoom-aHMIbHMId2008-04-16g100.00l0o232.2 LYOp012595r2008-04-16v100.00w2005-05-24yBK c8019d8019